000 00340 a2200157 4500
001 58477
020 _a8572080813
040 _cAnchieta - Pituba
100 _aHoffmann, Fernando
240 1 0 _aVôos fantásticos
_lpor
245 1 0 _aVôos fantásticos
300 _a124
362 0 _a1992
650 4 _aFicção brasileira
942 _cBK
999 _c58477
_d58477